| 000 | 00829cam a2200217 4500 | ||
|---|---|---|---|
| 001 | WS109092 | ||
| 008 | 000000n 000 0 eng u | ||
| 035 | _a(Sirsi) u109092 | ||
| 110 |
_aProfessional Contractors Group _93956 |
||
| 245 | _aProfessional Contractors Group | ||
| 520 | _aWeb site for this professional trade organisation set up to represent the interests of all knowledge based workers formed in response to the IR35 proposals. | ||
| 650 | 0 | _aIR35 | |
| 650 | _aE-COMMERCE | ||
| 650 |
_aManagement consultancy _96255 |
||
| 650 | 0 | _aAGENCY REGULATIONS | |
| 650 | 0 | _aREGULATION OF INVESTIGATORY POWERS BILL | |
| 650 | _aTAXATION | ||
| 690 | _aMANAGEMENT-BUSINESS MANAGEMENT-PROFESSIONAL PRACTICE | ||
| 856 | 4 | 0 |
_uhttps://www.pcgroup.org.uk _zView the website free of charge at www.pcgroup.org.uk... |
| 942 | _n0 | ||
| 999 |
_c119704 _d119704 |
||